Loading...
| Other - Pop Culture | 1 | 5 | 0 | 2 | 65 | 32 | 96.67 | 3 | 6 |
| Other - Geo/CE | 3 | 1 | 1 | 0 | 50 | 31 | 53.75 | 3 | 4 |
| History - Euro History | 1 | 2 | 0 | 1 | 35 | 59 | 66.67 | 2 | 3 |
| History - Other History | 0 | 2 | 0 | 0 | 20 | 77 | 93.50 | 2 | 2 |
| History - World History | 1 | 0 | 0 | 0 | 15 | 50 | 50.00 | 1 | 1 |
| Thought - Social Science | 0 | 1 | 0 | 1 | 10 | 123 | 123.00 | 0 | 1 |
| History - American History | 1 | 0 | 1 | 0 | 10 | 62 | 62.00 | 1 | 1 |
| Literature - British Lit | 0 | 1 | 0 | 0 | 10 | 135 | 135.00 | 0 | 1 |
| Literature - Euro Lit | 0 | 1 | 0 | 0 | 10 | 96 | 96.00 | 1 | 1 |
| Other - Other Academic | 0 | 1 | 0 | 0 | 10 | 103 | 103.00 | 0 | 1 |
| Science - Other Science | 0 | 1 | 0 | 0 | 10 | 106 | 106.00 | 0 | 1 |
| Arts - Other Arts | 0 | 1 | 1 | 0 | 5 | 121 | 121.00 | 0 | 1 |
| Beliefs - Religion | 0 | 1 | 1 | 0 | 5 | 109 | 109.00 | 0 | 1 |